Advances in Spatial and Temporal Databases : 11th International Symposium, SSTD 2009 Aalborg, Denmark, July 8-10, 2009 Proceedings /

Kaydedildi:
Detaylı Bibliyografya
Yazar: Nikos Mamoulis, Thomas Seidl, Torben Bach Pedersen, Kristian Torp, Ira Assent (edición)
Materyal Türü: Kitap
Dil:İngilizce
Baskı/Yayın Bilgisi: Berlín, Alemania : Springer, 2009, c2009
Seri Bilgileri:(Lecture Notes in Computer Science)
Online Erişim:Ver documento en línea
Etiketler: Etiketle
Etiket eklenmemiş, İlk siz ekleyin!

MARC

LEADER 00000nam^a22000000a04500
001 000607521
009 20260414195321.167
020 |a 978-3-642-02982-0 
022 |a 1611-3349 
037 |a Acervo ITESO - Biblioteca 
041 |a ING 
082 |a Libro en línea 
100 |a Nikos Mamoulis, Thomas Seidl, Torben Bach Pedersen, Kristian Torp, Ira Assent  |e (edición) 
245 |a Advances in Spatial and Temporal Databases :  |b 11th International Symposium, SSTD 2009 Aalborg, Denmark, July 8-10, 2009 Proceedings / 
264 4 |a Berlín, Alemania :  |b Springer,  |c 2009, c2009 
264 2 |a Cham, Suiza :  |b Springer Link [distribución],  |c 2025 
300 |a 1 libro electrónico en línea (XII, 466 p.) 
300 |a 1 recurso en línea 
336 |a datos para computadora  |b cod  |2 rdacontenido 
337 |a computadora  |b c  |2 rdamedio 
338 |a recurso en línea  |b cr  |2 rdasoporte 
440 |a (Lecture Notes in Computer Science) 
506 0 |a Licencias ilimitadas 
567 |a Catalogación rápida 
649 |a XX 
856 4 0 |u https://link-springer-com.ezproxy.iteso.mx/10.1007/978-3-642-02982-0  |y Ver documento en línea 
910 |a Fondo General 
920 |a Electrónicos - Libros en Línea 
930 |a Plataforma Digital 
905 |a 205 
902 |a https://opac.biblio.iteso.mx/vufind/Record/000607521